<?xml version="1.0" encoding="UTF-8"?>
<record
    xmlns:xsi="http://www.w3.org/2001/XMLSchema-instance"
    xsi:schemaLocation="http://www.loc.gov/MARC21/slim http://www.loc.gov/standards/marcxml/schema/MARC21slim.xsd"
    xmlns="http://www.loc.gov/MARC21/slim">

  <leader>02061cam a2200301   4500500</leader>
  <controlfield tag="005">20260111150113.0</controlfield>
  <datafield tag="041" ind1=" " ind2=" ">
    <subfield code="a">fre</subfield>
  </datafield>
  <datafield tag="042" ind1=" " ind2=" ">
    <subfield code="a">dc</subfield>
  </datafield>
  <datafield tag="100" ind1="1" ind2="0">
    <subfield code="a">Le Guirriec, Patrick</subfield>
    <subfield code="e">author</subfield>
  </datafield>
  <datafield tag="245" ind1="0" ind2="0">
    <subfield code="a">Retour aux fondamentaux m&#xE9;thodologiques</subfield>
  </datafield>
  <datafield tag="260" ind1=" " ind2=" ">
    <subfield code="c">2010.
							</subfield>
  </datafield>
  <datafield tag="500" ind1=" " ind2=" ">
    <subfield code="a">97</subfield>
  </datafield>
  <datafield tag="520" ind1=" " ind2=" ">
    <subfield code="a">R&#xE9;sum&#xE9;Dans cet article principalement m&#xE9;thodologique, nous souhaitons montrer que l&#x2019;observation d&#x2019;un &#xE9;v&#xE9;nement mettant en sc&#xE8;ne les relations entre les groupes de Marocains dans une ville de la banlieue parisienne et entre ceux-ci et les repr&#xE9;sentants de l&#x2019;&#xC9;tat permet d&#x2019;aller au-del&#xE0; des discours et de comprendre des ph&#xE9;nom&#xE8;nes qui ne peuvent &#xEA;tre appr&#xE9;hend&#xE9;s par la m&#xE9;thode de l&#x2019;entretien.</subfield>
  </datafield>
  <datafield tag="520" ind1=" " ind2=" ">
    <subfield code="a">In this mainly methodological paper we attempt to show that the observation of an event staging relations between some groups of Moroccans in a city of the Parisian outskirts and between them and the representatives of the State allows to go beyond speeches and to understand phenomena which cannot be verbalized.</subfield>
  </datafield>
  <datafield tag="520" ind1=" " ind2=" ">
    <subfield code="a">ZusammenfassungDieser methodologisch orientierte Artikel zeigt, dass die Methode der teilnehmenden Beobachtung es erm&#xF6;glicht Ph&#xE4;nomene zu erfassen und zu verstehen, die im Rahmen von Interviews nicht im selben Ma&#xDF; erfasst werden k&#xF6;nnen. Praktisch illustriert wird diese These anhand einer Beobachtung der Beziehungen zwischen verschiedenen marokkanischen Gruppen in einem Pariser Vorort und der Beziehung dieser Gruppen zu den Staatsvertretern.</subfield>
  </datafield>
  <datafield tag="690" ind1=" " ind2=" ">
    <subfield code="a">anthropologie urbaine</subfield>
  </datafield>
  <datafield tag="690" ind1=" " ind2=" ">
    <subfield code="a">Clichy La Garenne</subfield>
  </datafield>
  <datafield tag="690" ind1=" " ind2=" ">
    <subfield code="a">description ethnographique</subfield>
  </datafield>
  <datafield tag="690" ind1=" " ind2=" ">
    <subfield code="a">marocains</subfield>
  </datafield>
  <datafield tag="690" ind1=" " ind2=" ">
    <subfield code="a">observation participante</subfield>
  </datafield>
  <datafield tag="690" ind1=" " ind2=" ">
    <subfield code="a">Clichy La Garenne</subfield>
  </datafield>
  <datafield tag="690" ind1=" " ind2=" ">
    <subfield code="a">ethnographic description</subfield>
  </datafield>
  <datafield tag="690" ind1=" " ind2=" ">
    <subfield code="a">moroccans</subfield>
  </datafield>
  <datafield tag="690" ind1=" " ind2=" ">
    <subfield code="a">participant observation</subfield>
  </datafield>
  <datafield tag="690" ind1=" " ind2=" ">
    <subfield code="a">urban anthropology</subfield>
  </datafield>
  <datafield tag="786" ind1="0" ind2=" ">
    <subfield code="n">Ethnologie fran&#xE7;aise | 40 | 4 | 2010-10-29 | p. 725-733 | 0046-2616</subfield>
  </datafield>
  <datafield tag="856" ind1="4" ind2="1">
    <subfield code="u">https://shs.cairn.info/revue-ethnologie-francaise-2010-4-page-725?lang=fr&amp;redirect-ssocas=7080</subfield>
  </datafield>
  <datafield tag="999" ind1=" " ind2=" ">
    <subfield code="c">1637039</subfield>
    <subfield code="d">1637039</subfield>
  </datafield>
</record>
